Statistiken für Mittelalterquiz

Klicken Sie hier um das Quiz zu spielen!

Allgemein

  • Dieses Quiz wurde 65 mal gespielt
  • Das Durchschnittsergebnis liegt bei 6 aus 20

Antwortstatistiken

FrageAntwort% Korrekt
Welche Krankheit verursachte eine große Pandemie im 14. Jahrhundert?Pest
94%
Welche Stadt war die Hauptstadt des Byzantinischen Reiches?Konstantinopel
65%
Aus welcher Region stammen die Wikinger ursprünglich?Skandinavien
55%
In welches Land reiste Marco Polo?China
53%
Welcher Baustil wurde im Hochmittelalter populär?Gotik
53%
Welcher Herrscher gründete das Heilige Römische Reich?Karl der Große
45%
Gegen wen richteten sich die europäischen Bauernkriege im Mittelalter?Adel
43%
In welcher Stadt wurde eine der ersten europäischen Universitäten gegründet?Bologna
37%
Welche wichtige landwirtschaftliche Erfindung wurde im Mittelalter gemacht?
Pflug
37%
Wie heißt das politische und soziale System, das im Mittelalter vorherrschte?
Feudalismus
31%
Welches war ein beliebtes Musikinstrument im Mittelalter?Laute
29%
Welcher legendäre König wird mit dem Mittelalter in Verbindung gebracht?Artus
27%
Zwischen welchen zwei Nationen wurde der Hundertjährige Krieg geführt?
England und Frankreich
22%
Wer eroberte England im Jahr 1066?Wilhelm der Eroberer
16%
In welche Jahrhunderte fällt das Mittelalter?5 - 15
12%
In welchem Jahr wurde die Magna Carta unterzeichnet?1215
8%
Was ist ein Ritterschlag?Ritterweihe
4%
Worum ging es in den Kreuzzügen hauptsächlich?
Heiliges Land erobern
2%
Was war eine häufig verwendete Währungseinheit im mittelalterlichen Europa?Denar
0%
Was waren Reliquien im Mittelalter?Heilige Überreste
0%

Verteilung der Resultate

Perzentil nach korrekt beantworteten Fragen

Anzahl Personen mit jedem Resultat

Ihre Resultats-Entwicklung

Sie haben dieses Quiz noch nicht gespielt